Apuntes sobre grupos de presión en Honduras /
Examina el papel desempeñado por los grupos de presión en la actividad del aparato estatal y en la vida política de Honduras. Analiza cúal ha sido el grado de influencia de los obreros, los campesinos y los empresarios capitalistas (como los principales grupos de presión), así, como en algunos casos...
Enregistré dans:
| Auteur principal: | |
|---|---|
| Format: | Texte |
| Sujets: | |
| Tags: |
Ajouter un tag
Pas de tags, Soyez le premier à ajouter un tag!
|
MARC
| LEADER | 00000 a a2200000 04500 | ||
|---|---|---|---|
| 001 | 4449 | ||
| 003 | |||
| 040 | |||
| 100 | |a Posas Amador, Mario | ||
| 245 | |a Apuntes sobre grupos de presión en Honduras / |c Mario Posas Amador | ||
| 520 | |a Examina el papel desempeñado por los grupos de presión en la actividad del aparato estatal y en la vida política de Honduras. Analiza cúal ha sido el grado de influencia de los obreros, los campesinos y los empresarios capitalistas (como los principales grupos de presión), así, como en algunos casos , el ejército. Concluye que todo lo logrado , en el período analizado, por los grupos de presión no ha sido por el simple reformismo político. CEM/mb | ||
| 650 | |a GRUPOS DE INTERESES | ||
| 650 | |a POLITICA GUBERNAMENTAL | ||
| 650 | |a PODER POLITICO | ||
| 650 | |a OPINION PUBLICA | ||
| 650 | |a SINDICATOS | ||
| 650 | |a ORGANIZACIONES CAMPESINAS | ||
| 650 | |a UNIVERSIDADES | ||
| 650 | |a IGLESIA CATOLICA | ||
| 773 | |g número 2; páginas 1-15 | ||
| 999 | |c 19828 |d 19828 | ||
